Wszystkie Gry i Dodatki Z Serii GTA - Statystyki

Ogólne statystyki
  • Ten quiz został rozwiązany 86 razy
  • Średni wynik to 12 z 17
Statystyki odpowiedzi
Kiedy zostało wydane Dodatek czy Gra Gra % Poprawnych
1997 Gra Grand Theft Auto / GTA / GTA 1 / GTA I, Grand Theft Auto 1 / Grand Theft Auto I
100%
2013 Gra Grand Theft Auto V / Grand Theft Auto 5 / GTA V / GTA 5
98%
2025 Gra Grand Theft Auto VI / Grand Theft Auto 6 / GTA VI / GTA 6
98%
2001 Gra Grand Theft Auto III / Grand Theft Auto 3 / GTA III / GTA 3
93%
2008 Gra Grand Theft Auto IV / Grand Theft Auto 4 / GTA IV / GTA 4
93%
2004 Gra Grand Theft Auto San Andreas / GTA San Andreas
93%
1999 Gra Grand Theft Auto II / Grand Theft Auto 2 / GTA II / GTA 2
92%
2002 Gra Grand Theft Auto Vice City / GTA Vice City
90%
2005 Gra Grand Theft Auto Liberty City Stories / GTA Liberty City Stories
70%
2013 Dodatek / Gra Grand Theft Auto Online / GTA Online
68%
2006 Gra Grand Theft Auto Vice City Stories / GTA Vice City Stories
67%
2009 Gra Grand Theft Auto Chinatown Wars / GTA Chinatown Wars
50%
2004 Gra Grand Theft Auto Advance / GTA Advance
43%
2009 Dodatek Grand Theft Auto The Ballad of Gay Tony / GTA The Ballad of Gay Tony
42%
1999 Dodatek Grand Theft Auto London 1969 / GTA London 1969
33%
1999 Dodatek Grand Theft Auto: London 1961 / GTA: London 1961
30%
2009 Dodatek Grand Theft Auto IV The Lost and Damned / Grand Theft Auto 4 The Lost and Damned / GTA IV The Lost and Damned / GTA 4 The Lost and Damned
28%
Nie znaleziono quizów pasujących do podanych kryteriów
Rozkład punktacji
Procent ludzi z każdym wynikiem
Percentyl według liczby udzielonych odpowiedzi
Twoja historia wyników
Nie rozwiązałeś tego quizu